Diálogos de Saberes Universidad Libre
La revista Diálogos de Saberes, es el órgano de divulgación del Centro de Investigaciones Socio Jurídicas de la Facultad de Derecho de la Universidad Libre de Bogotá. Está reconocida como Revista Nacional Especializada de Carácter Científico por Colciencias e incluida en el Índice Bibliográfico Naci...
Uloženo v:
| Korporativní autor: | |
|---|---|
| Médium: | Časopis |
| Jazyk: | Spanish |
| Vydáno: |
Bogotá :
Universidad Libre,
[1997]
|
| Témata: | |
| On-line přístup: | Enlace del recurso |
| Tagy: |
Přidat tag
Žádné tagy, Buďte první, kdo vytvoří štítek k tomuto záznamu!
|
MARC
| LEADER | 00000nas a2200000 a 4500 | ||
|---|---|---|---|
| 001 | 001688 | ||
| 003 | OSt | ||
| 005 | 20190828162641.0 | ||
| 008 | 091110c1997 ck r pf l0 a spa d | ||
| 999 | |c 6088 |d 6088 | ||
| 022 | |a 0124-0692 | ||
| 040 | |b spa |c cobobit | ||
| 041 | |a spa | ||
| 090 | |a Dia. Sab | ||
| 110 | 1 | |a Universidad Libre |b Facultad de Derecho |9 7406 | |
| 222 | |a Diálogos y Saberes | ||
| 245 | 1 | |a Diálogos de Saberes |b Universidad Libre |h [Revista] | |
| 246 | 2 | 2 | |a Revista Diálogos de Saberes |
| 260 | |a Bogotá : |b Universidad Libre, |c [1997] | ||
| 270 | 0 | |a Calle 8a No. 50 - 80 |c Bogotá, |d Colombia | |
| 300 | |a n . : |b il; fotos. |c 29 cm. | ||
| 310 | |a Irregular | ||
| 362 | |a [1997] | ||
| 500 | |a Descripción basada en: No.1 (1997) | ||
| 504 | |a Incluye referencias bibliográficas | ||
| 520 | 3 | |a La revista Diálogos de Saberes, es el órgano de divulgación del Centro de Investigaciones Socio Jurídicas de la Facultad de Derecho de la Universidad Libre de Bogotá. Está reconocida como Revista Nacional Especializada de Carácter Científico por Colciencias e incluida en el Índice Bibliográfico Nacional-Publindex (indexada). Se publica semestralmente, incluyendo artículos que son resultado de investigaciones terminadas de investigadores nacionales y extranjeros, en el área de conocimiento del derecho y de las ciencias sociales. | |
| 650 | 1 | 0 | |a Investigación pedagógica |v Publicaciones seriadas |2 Unesco |9 5910 |
| 650 | 2 | 0 | |a Ciencias de la educación y ambiente educacional |v Publicaciones seriadas |9 6017 |
| 650 | 2 | 0 | |a Enseñanza Superior |v Publicaciones seriadas |2 Unesco |z Colombia |9 8267 |
| 942 | |2 LOC |c CR | ||
| 856 | |u https://catalogo.idep.edu.co/cgi-bin/koha/opac-detail.pl?biblionumber=6088 |z Enlace del recurso | ||